Fundamentals of magnetism and electricity (Record no. 14625)

000 -LEADER
fixed length control field 00450nam a22001811 4500
001 - CONTROL NUMBER
control field 14625
003 - CONTROL NUMBER IDENTIFIER
control field BD-DhUET
008 - FIXED-LENGTH DATA ELEMENTS--GENERAL INFORMATION
fixed length control field 740123s1966 ii ac 000 0 eng
040 ## - CATALOGING SOURCE
Original cataloging agency DLC
Transcribing agency DLC
Modifying agency BD-DhUET
082 00 - DEWEY DECIMAL CLASSIFICATION NUMBER
Classification number 537
Item number VAS/1964
100 1# - MAIN ENTRY--PERSONAL NAME
Personal name Vasudeva, D. N.
245 10 - TITLE STATEMENT
Title Fundamentals of magnetism and electricity
250 ## - EDITION STATEMENT
Edition statement 1st ed.
260 ## - PUBLICATION, DISTRIBUTION, ETC. (IMPRINT)
Place of publication, distribution, etc. New Delhi
Name of publisher, distributor, etc. S. Chand
Date of publication, distribution, etc. 1964
300 ## - PHYSICAL DESCRIPTION
Extent iii, 827p.
Other physical details ill.
650 #0 - SUBJECT ADDED ENTRY--TOPICAL TERM
Topical term or geographic name as entry element Electricity
942 ## - ADDED ENTRY ELEMENTS (KOHA)
Koha item type General Book
Holdings
Koha full call number Not for loan Piece designation (barcode) Shelving location Koha date last seen Koha item type Location (home branch) Damaged status Sublocation or collection (holding branch) Date acquired Koha normalized classification for sorting Withdrawn status Copy number Source of classification or shelving scheme Lost status Price effective from
537/VAS/1964 52538Circulation section2015-03-09General BookCentral Library, BUET Central Library, BUET2015-03-09537_000000000000000_VAS_1964 1  2015-03-09
537/VAS/1964 5745Circulation section2015-03-19General BookCentral Library, BUET Central Library, BUET2015-03-19537_000000000000000_VAS_1964 2  2015-03-19
537/VAS/1964 5428Circulation section2015-03-19General BookCentral Library, BUET Central Library, BUET2015-03-19537_000000000000000_VAS_1964 3  2015-03-19
537/VAS/1964 11575Circulation section2015-04-30General BookCentral Library, BUET Central Library, BUET2015-04-30537_000000000000000_VAS_1964 4  2015-04-30